Resúmenes XIX Congreso Nacional de Geografía
Guardat en:
| Autor corporatiu: | |
|---|---|
| Format: | Llibre |
| Idioma: | espanyol |
| Publicat: |
Valparaíso
Instituto de Geografía
1998
|
| Matèries: | |
| Etiquetes: |
Afegir etiqueta
Sense etiquetes, Sigues el primer a etiquetar aquest registre!
|
MARC
| LEADER | 00000cam a2200000 a 4500 | ||
|---|---|---|---|
| 001 | UCP6685 | ||
| 003 | CL-VaPUC | ||
| 005 | 20220315074418.0 | ||
| 008 | 991112e19980000cl 1 spa d | ||
| 082 | 0 | 4 | |a 910 |b UNI |2 21 |
| 110 | 2 | |a Universidad Católica de Valparaíso |e author |9 619639 | |
| 245 | 1 | 0 | |a Resúmenes XIX Congreso Nacional de Geografía |
| 260 | |a Valparaíso |b Instituto de Geografía |c 1998 | ||
| 300 | |a 113 p | ||
| 583 | |a last modification |c 20151027 03:30:18 |k Rodrigo Vera | ||
| 650 | 0 | 0 | |a Geografía |9 259346 |
| 650 | 0 | 0 | |a Congresos |9 257560 |
| 942 | |c BK | ||
| 945 | |a rbrito |d 19991112 00:00:00 | ||
| 546 | |a En Español | ||
| 536 | |a Universidad Católica de Valparaíso | ||
| 518 | |p Congreso Nacional de Geografía, 19, Valparaíso, 19 al 23 de octubre de 1998 | ||
| 999 | |c 383497 |d 383495 | ||
| 952 | |0 0 |1 0 |4 0 |6 910_000000000000000_UNI_1998 |7 0 |8 A |9 505625 |a BIBING |b BIBING |d 2020-01-23 |i 357895K |o 910 UNI 1998 |p 357895K |r 2025-01-20 |w 2020-01-23 |y BK |k ING | ||
| 952 | |0 0 |1 0 |3 erb |4 0 |6 910_000000000000000_UNI_1998 |7 0 |8 X |9 505626 |a FDOBUD |b FDOBUD |i 5244048 |o 910 UNI 1998 |p 5244048 |r 2020-01-23 |w 2020-01-23 |y BK_X |z Catalogado en:20151029 |k FHP | ||